Estrategia, planificación y control
Guardat en:
| Autor principal: | |
|---|---|
| Format: | Llibre |
| Idioma: | espanyol |
| Publicat: |
Ciudad de México
Fondo de Cultura Económica
1991
|
| Edició: | 1a. ed |
| Col·lecció: | Textos de economía
|
| Matèries: | |
| Etiquetes: |
Afegir etiqueta
Sense etiquetes, Sigues el primer a etiquetar aquest registre!
|
MARC
| LEADER | 00000cam a2200000 a 4500 | ||
|---|---|---|---|
| 001 | UCY1703 | ||
| 003 | CL-VaPUC | ||
| 008 | 940913e19910000MX |||||||||||||||||spa|d | ||
| 020 | |a 9681633822 | ||
| 082 | 0 | 4 | |a 658.401 |b CAC |2 21 |
| 100 | 0 | |a Cáceres, Luis René |e author |9 329696 | |
| 245 | 1 | 0 | |a Estrategia, planificación y control |
| 250 | |a 1a. ed | ||
| 300 | |a 517 p | ||
| 942 | |c BK | ||
| 945 | |d 19940913 00:00:00 |a mfernand | ||
| 260 | |a Ciudad de México |b Fondo de Cultura Económica |c 1991 | ||
| 650 | 0 | |a Planificación estratégica |9 259735 | |
| 583 | |a last modification |c 20160628 12:09:29 |k Rodrigo Vera | ||
| 490 | 0 | |a Textos de economía | |
| 999 | |c 230322 |d 230320 | ||
| 952 | |0 0 |1 0 |4 0 |6 658_401000000000000_CAC_1991 |7 0 |8 A |9 232486 |a BIBING |b BIBING |d 2019-11-15 |i 3020517 |o 658.401 CAC 1991 |p 3020517 |r 2025-01-20 |w 2019-11-15 |y BK |k GEO | ||
| 952 | |0 0 |1 0 |3 erb |4 0 |6 658_401000000000000_CAC_1991 |7 0 |8 A |9 232488 |a BIBING |b BIBING |i 5295033 |l 2 |o 658.401 CAC 1991 |p 5295033 |q 2024-12-31 |r 2024-07-23 |s 2024-07-23 |w 2019-11-15 |y BK |z Catalogado en:20160701 |k GEO | ||